Guerra ¿Para qué sirve? El papel de los conflictos en la civilización, desde los primates hasta los robots

Guardat en:
Dades bibliogràfiques
Autor principal: Morris, Ian (autor)
Altres autors: Casanova, Claudia (traductora), Roca, Joan Eloi (traductor)
Format: Llibre
Idioma:espanyol
Publicat: Barcelona, España Atico de los Libros 2017
Matèries:
Etiquetes: Afegir etiqueta
Sense etiquetes, Sigues el primer a etiquetar aquest registre!

MARC

LEADER 00000cam a2200000 a 4500
001 UCC8386
003 CL-VaPUC
005 20240304092442.0
008 190621e20170000sp |||||||||||||||||spa|d
999 |c 374723  |d 374721 
020 |a 9788416222162 
040 |c Pontificia Universidad Católica de Valparaíso 
082 0 4 |a 355.02 MOR 2017  |2 21 
100 |a Morris, Ian  |e autor  |9 603065 
245 1 0 |a Guerra ¿Para qué sirve?   |b El papel de los conflictos en la civilización, desde los primates hasta los robots 
260 |a Barcelona, España   |b Atico de los Libros  |c 2017 
300 |a 638 páginas  
583 |a last modification  |c 20190621 12:31:00  |k Rodrigo Vera 
650 0 |a Guerras  |9 255273 
650 0 |a Ciencia militar  |9 452699 
650 0 |a Civilizaciones  |9 267192 
700 |a Casanova, Claudia  |e traductora  |9 856957 
700 |a  Roca, Joan Eloi  |e traductor   |9 856958 
852 |a BIBHIS 
942 |c BK  |2 ddc 
945 |d 20190621 12:31:00  |a dcastane 
952 |0 0  |1 0  |3 erd  |4 0  |6 355_020000000000000_MOR_2017  |7 0  |8 A  |9 493418  |a BIBHIS  |b BIBHIS  |d 2019-06-19  |e 11  |g 24500.00  |i 5553946  |o 355.02 MOR 2017  |p 5553946  |r 2025-01-20  |v 24500.00  |w 2019-11-24  |y BK  |z Catalogado en:20190621  |k HIS